000 01275nam a22002657a 4500
005 20170124103221.0
010 _aB-142406
020 _c00.00
_a817906087
035 _aB-142406
037 _bCen Lib/Ret
040 _aDPL
_bHN
082 _a910.01
_bमारूर
100 _aमारूर, रतन लाल
_949978
245 _aभौगोलिक विचारधाराएँ एवं विधि - तंत्र /
_cरतन लाल मारूर [एवं] राजकुमार शर्मा
246 _aBhaugolik vichardhren evam vidhi tantr /
_bby Ratan Lal Maroor [evam] Rajkumar Sharma
260 _a नयी दिल्ली
_bहिमाशु पब्लिकेशन
_c2005
270 _a4379/4-B, प्रकाश हाउस, अंसारी रोड, दरियागंज
_b नयी दिल्ली
_e110002
300 _a391पृ.
_c22सेमी(सजिल्द)
650 _aभूगोल
_9110629
650 _aभूगोल -- प्रकृति
_9110630
650 _aGeography
_9110631
650 _aGeography - Nature
_9101272
700 _aशर्मा, राजकुमार
_9110632
942 _2ddc
_cHN
_h910.01
_mमारूर
999 _c121835
_d121835